000 00650nam a2200169 a 4500
001 000025791
005 20200930024043.0
008 110217s1997 pn r 000 | spa d
040 _aDO-SdBNP
_bspa
_cBNPHU
082 _axxxxx
_bS684o, 1997
100 1 _aSolano de Rodríguez, Milvia,
_952597
245 1 0 _aClave de respuestas ortografía de la lengua española, método fácil para su aprendizaje :
_bcon las nuevas normas ortográficas y prosódicas aprobadas por la real academia de la lengua español /
_cMilvia Solano de Rodríguez.
250 _a12a ed.
260 _aPanamá :
_b[s.n.] ,
_c1997.
300 _a193 p. ;
_c23 cm.
049 _aBNGR
999 _c25283
_d25283